[Event "Niederbayrische Einzelmeisterschaft"]
[Site "Niederbayern"]
[Date "2010.06.05"]
[Round "5.15"]
[White "Westenthanner, Paul"]
[Black "Grigore-Nikolitsch, Corneliu"]
[Result "1/2-1/2"]
[WhiteElo "1549"]
[BlackElo "1633"]
[PlyCount "118"]
[EventDate "2010.06.??"]
[EventType "swiss"]
[EventRounds "7"]
[EventCountry "GER"]
[SourceDate "2015.11.02"]
[SourceVersionDate "2015.11.02"]
[WhiteTeam "SK Landshut"]
[BlackTeam "SC Rottal"]

1. d4 d5 2. Nf3 h6 3. Nbd2 Nf6 4. c3 Bf5 5. e3 Nbd7 6. Nb3 e6 7. Bd3 Ne4 8. Qc2
Ndf6 9. Nbd2 a6 10. Bxe4 Nxe4 11. Nxe4 Bxe4 12. Qe2 Bd6 13. O-O b5 14. Nd2 Bg6
15. Nf3 O-O 16. Bd2 f5 17. b3 Bh5 18. Rfe1 c6 19. g3 Qf6 20. Kg2 Be7 21. Qd3
Bd6 22. a4 Bg6 23. Qe2 Rfe8 24. Nh4 e5 25. Nxg6 Qxg6 26. Qd3 e4 27. Qe2 Rf8 28.
Kh1 Qg4 29. Qxg4 fxg4 30. Kg2 Rf6 31. axb5 cxb5 32. Bc1 a5 33. Ba3 Bc7 34. Bc5
Rfa6 35. Re2 Kf7 36. Rc2 Ke6 37. b4 axb4 38. Rxa6+ Rxa6 39. cxb4 Rc6 40. Ra2 h5
41. Ra7 g6 42. Rb7 Bd8 43. Rxb5 Ra6 44. Rb8 Bc7 45. Rb7 Bd8 46. Ra7 Rxa7 47.
Bxa7 Kd6 48. Kf1 Kc6 49. Bc5 Bc7 50. Ke2 Bd8 51. Kd2 g5 52. Kc3 h4 53. Kb3 hxg3
54. fxg3 Kb5 55. Bf8 Bc7 56. Be7 Bb8 57. Bc5 Bc7 58. Be7 Bb8 59. Bc5 Bc7
1/2-1/2

[Event "Niederbayrische Einzelmeisterschaft"]
[Site "Niederbayern"]
[Date "2010.06.05"]
[Round "5.16"]
[White "Schubert, Heinz"]
[Black "Haider, Andreas"]
[Result "0-1"]
[WhiteElo "1505"]
[BlackElo "1563"]
[PlyCount "118"]
[EventDate "2010.06.??"]
[EventType "swiss"]
[EventRounds "7"]
[EventCountry "GER"]
[SourceDate "2015.11.02"]
[SourceVersionDate "2015.11.02"]
[WhiteTeam "TV 1862 Geiselhöring"]
[BlackTeam "SV Aham"]

1. e4 e5 2. Nf3 Nc6 3. Bc4 Bc5 4. c3 Nf6 5. d4 exd4 6. cxd4 Bb4+ 7. Nc3 Nxe4 8.
O-O Nxc3 9. bxc3 Bxc3 10. Bxf7+ Kxf7 11. Qb3+ d5 12. Qxc3 Re8 13. Bg5 Qd6 14.
Bh4 Qb4 15. Qd3 g6 16. Rab1 Qc4 17. Qd2 Kg7 18. Qf4 Rf8 19. Qxc7+ Rf7 20. Qd6
Bf5 21. Ne5 Nxe5 22. Qxe5+ Kg8 23. Rbc1 Qxa2 24. Rfe1 Raf8 25. Bg5 Bd7 26. Be3
Re8 27. Qg3 Qa5 28. Ra1 Qb6 29. Rab1 Bb5 30. Bf4 Rxe1+ 31. Rxe1 Qxd4 32. Bh6
Qb4 33. Qb8+ Rf8 34. Qxf8+ Qxf8 35. Bxf8 Kxf8 36. f4 Kf7 37. Kf2 Bc4 38. Ke3 a5
39. Kd4 b5 40. g3 a4 41. Kc5 a3 42. Kb4 a2 43. Kc3 Kf6 44. h3 g5 45. fxg5+ Kxg5
46. Re5+ Kf6 47. Re1 h5 48. Kb2 b4 49. Ka1 b3 50. Kb2 Kf5 51. Ka1 d4 52. Kb2 d3
53. Ka1 h4 54. gxh4 Kf4 55. h5 d2 56. Rd1 Ke3 57. h6 Bd3 58. Rg1 Kf2 59. Rh1
Bf1 0-1

[Event "Niederbayrische Einzelmeisterschaft"]
[Site "Niederbayern"]
[Date "2010.06.05"]
[Round "5.17"]
[White "Seidl, Josef"]
[Black "Lenhard, Alexander"]
[Result "0-1"]
[WhiteElo "1315"]
[BlackElo "1240"]
[PlyCount "66"]
[EventDate "2010.06.??"]
[EventType "swiss"]
[EventRounds "7"]
[EventCountry "GER"]
[SourceDate "2015.11.02"]
[SourceVersionDate "2015.11.02"]
[WhiteTeam "TSV Kreuzberg"]
[BlackTeam "ESK Plattling"]

1. c4 e5 2. e3 Nf6 3. b3 Nc6 4. Bb2 d6 5. a3 Be7 6. g3 Bg4 7. Be2 Bxe2 8. Nxe2
O-O 9. O-O Qd7 10. Kg2 Rad8 11. d3 d5 12. f4 dxc4 13. d4 Ng4 14. Qd2 cxb3 15.
f5 exd4 16. exd4 h6 17. Qf4 Nf6 18. Rd1 Nd5 19. Qf3 Bf6 20. Rd3 Nde7 21. Nd2
Nxf5 22. Nxb3 Ne5 23. dxe5 Qxd3 24. Qxd3 Rxd3 25. exf6 Rxb3 26. fxg7 Re8 27.
Kf2 Rxb2 28. Re1 Nd4 29. Kf1 Rbxe2 30. Rd1 c5 31. h4 Kxg7 32. h5 Rh2 33. g4
Rh1+ 0-1

[Event "Niederbayrische Einzelmeisterschaft"]
[Site "Niederbayern"]
[Date "2010.06.05"]
[Round "6.1"]
[White "Thanner, Daniel"]
[Black "Heiduczek, Josef"]
[Result "0-1"]
[WhiteElo "1722"]
[BlackElo "2168"]
[PlyCount "40"]
[EventDate "2010.06.??"]
[EventType "swiss"]
[EventRounds "7"]
[EventCountry "GER"]
[SourceDate "2015.11.02"]
[SourceVersionDate "2015.11.02"]
[WhiteTeam "SC Ortenburg 1894"]
[BlackTeam "SC Rottal"]

1. e4 e5 2. Nf3 d6 3. d4 exd4 4. Nxd4 Nf6 5. Nc3 Be7 6. f3 O-O 7. Be3 d5 8.
Nxd5 Nxd5 9. exd5 Qxd5 10. Bd3 Bc5 11. c3 Re8 12. Qd2 Nc6 13. Nc2 Qg5 14. Kf2
Ne5 15. Nd4 Qh4+ 16. Kf1 Bh3 17. Bf2 Qf6 18. Be4 Nxf3 19. Qd3 Rxe4 20. Nxf3 Re3
0-1

[Event "Niederbayrische Einzelmeisterschaft"]
[Site "Niederbayern"]
[Date "2010.06.05"]
[Round "6.2"]
[White "Schindlbeck, Tobias"]
[Black "Siebert, Joachim"]
[Result "1/2-1/2"]
[WhiteElo "1939"]
[BlackElo "1926"]
[PlyCount "44"]
[EventDate "2010.06.??"]
[EventType "swiss"]
[EventRounds "7"]
[EventCountry "GER"]
[SourceDate "2015.11.02"]
[SourceVersionDate "2015.11.02"]
[WhiteTeam "FC Ergolding 1932"]
[BlackTeam "SK Landshut"]

1. d4 Nf6 2. Nf3 e6 3. e3 d5 4. Bd3 c5 5. b3 Nc6 6. O-O Be7 7. Bb2 O-O 8. Nbd2
b6 9. a3 a5 10. Ne5 Nxe5 11. dxe5 Nd7 12. Qe2 Bb7 13. f4 f5 14. exf6 Nxf6 15.
e4 Nxe4 16. Nxe4 dxe4 17. Bxe4 Bxe4 18. Qxe4 Qd5 19. Rae1 Bf6 20. Bxf6 Rxf6 21.
a4 Rd8 22. Qxd5 exd5 1/2-1/2

[Event "Niederbayrische Einzelmeisterschaft"]
[Site "Niederbayern"]
[Date "2010.06.05"]
[Round "6.3"]
[White "Zepke, Armin"]
[Black "Palmi, Herbert"]
[Result "1/2-1/2"]
[WhiteElo "1989"]
[BlackElo "2008"]
[PlyCount "88"]
[EventDate "2010.06.??"]
[EventType "swiss"]
[EventRounds "7"]
[EventCountry "GER"]
[SourceDate "2015.11.02"]
[SourceVersionDate "2015.11.02"]
[WhiteTeam "SC Bayerwald/Regen"]
[BlackTeam "SC Bayerwald/Regen"]

1. d4 Nf6 2. Bf4 g6 3. e3 Bg7 4. Nf3 d6 5. h3 O-O 6. Be2 b6 7. O-O Bb7 8. c4
Nbd7 9. Nc3 Re8 10. Bh2 e5 11. Qc2 c6 12. b4 a6 13. Rfd1 Qe7 14. Rab1 exd4 15.
exd4 d5 16. c5 b5 17. a4 bxa4 18. Bd3 Ne4 19. Ne2 f5 20. Nd2 h6 21. f3 Ng5 22.
Bd6 Qf6 23. f4 Ne4 24. Bxe4 fxe4 25. Nf1 Bf8 26. Be5 Qe6 27. Ne3 Be7 28. Rf1
Rf8 29. Qxa4 Kh7 30. Qc2 Qg8 31. Kh2 Bf6 32. Ng3 Rf7 33. Rf2 Bh4 34. Rbf1 Nxe5
35. fxe5 Raf8 36. Qe2 Bc8 37. Rxf7+ Rxf7 38. Rxf7+ Qxf7 39. Qf1 Qxf1 40. Ngxf1
Be1 41. Nc2 Bc3 42. Nfe3 a5 43. bxa5 Bxa5 44. g4 Kg7 1/2-1/2

[Event "Niederbayrische Einzelmeisterschaft"]
[Site "Niederbayern"]
[Date "2010.06.05"]
[Round "6.4"]
[White "Wisnet, Dominic"]
[Black "Oberpriller, Johannes"]
[Result "1-0"]
[WhiteElo "2167"]
[BlackElo "1800"]
[PlyCount "129"]
[EventDate "2010.06.??"]
[EventType "swiss"]
[EventRounds "7"]
[EventCountry "GER"]
[SourceDate "2015.11.02"]
[SourceVersionDate "2015.11.02"]
[WhiteTeam "SC Rottal"]
[BlackTeam "FC Ergolding 1932"]

1. e4 e6 2. d4 d5 3. Nc3 dxe4 4. Nxe4 Bd7 5. Nf3 Bc6 6. Ned2 Nf6 7. Be2 Nbd7 8.
Nc4 Bxf3 9. Bxf3 c6 10. O-O Nb6 11. Ne5 Bd6 12. Qe2 O-O 13. Rd1 Qe7 14. Bg5 h6
15. Bh4 Rfd8 16. c4 Bc7 17. Bh5 Rf8 18. Rd3 Rad8 19. Rad1 Nbd7 20. Ng4 Kh7 21.
Rh3 g5 22. Nxh6 gxh4 23. Rxh4 Ng8 24. Qe4+ f5 25. Nxf5 exf5 26. Bf7+ Kg7 27.
Rh7+ Kxh7 28. Bxg8+ Rxg8 29. Qxe7+ Rg7 30. Qh4+ Kg8 31. Re1 Rf8 32. Re7 Rff7
33. Rxf7 Rxf7 34. Qg5+ Kf8 35. h4 f4 36. d5 cxd5 37. Qxd5 b6 38. b4 Kg7 39.
Qg5+ Kf8 40. h5 Ne5 41. Qh6+ Kg8 42. Qe6 Kh7 43. a4 Kg7 44. Kf1 Kh7 45. Ke1 Rg7
46. Qf5+ Kg8 47. Kd1 Rf7 48. Qe6 Kg7 49. Kc2 Rd7 50. g4 fxg3 51. fxg3 Rf7 52.
a5 bxa5 53. bxa5 Rf2+ 54. Kb3 Rf3+ 55. Ka4 Rf6 56. Qe7+ Rf7 57. Qg5+ Kh7 58. g4
Rf1 59. Qe7+ Rf7 60. Qe6 Rf4 61. g5 Rxc4+ 62. Kb3 Rc6 63. Qe7+ Kg8 64. g6 Bd6
65. Qh7+ 1-0

[Event "Niederbayrische Einzelmeisterschaft"]
[Site "Niederbayern"]
[Date "2010.06.05"]
[Round "6.5"]
[White "Woitylak, Steffen"]
[Black "Holzer, Richard"]
[Result "0-1"]
[WhiteElo "1850"]
[BlackElo "2157"]
[PlyCount "126"]
[EventDate "2010.06.??"]
[EventType "swiss"]
[EventRounds "7"]
[EventCountry "GER"]
[SourceDate "2015.11.02"]
[SourceVersionDate "2015.11.02"]
[WhiteTeam "FC Ergolding 1932"]
[BlackTeam "SK Passau 1869"]

1. Nf3 Nf6 2. d4 c5 3. e3 e6 4. Be2 d5 5. O-O Nc6 6. c4 dxc4 7. Bxc4 cxd4 8.
exd4 Be7 9. Nc3 Nb4 10. Qb3 O-O 11. Bg5 Nbd5 12. Nxd5 Nxd5 13. Bxe7 Nxe7 14.
Rad1 b6 15. Qd3 Nd5 16. Qe4 Bb7 17. Bd3 g6 18. h4 Rc8 19. Qg4 Qf6 20. Be4 Qe7
21. Qg5 f6 22. Qd2 Rc7 23. Bb1 Qd6 24. Rfe1 Nf4 25. Qe3 Bd5 26. a3 Nh5 27. Be4
Ng7 28. Bxd5 Qxd5 29. Rc1 Nf5 30. Qd2 Rfc8 31. Rxc7 Rxc7 32. Rc1 Rd7 33. Rc8+
Kg7 34. Qb4 Qd6 35. Qxd6 Nxd6 36. Rc2 Kf7 37. Kf1 Nf5 38. Rc4 Ke7 39. Ke2 h5
40. b3 Kd8 41. Rc6 Ke7 42. Rc4 b5 43. Rc5 a6 44. g3 Nxd4+ 45. Nxd4 Rxd4 46.
Rc7+ Rd7 47. Rc8 e5 48. Ra8 Rd6 49. a4 bxa4 50. bxa4 Ke6 51. a5 Kf5 52. Ra7 Kg4
53. Rg7 f5 54. Rb7 Rd5 55. Rb6 Rxa5 56. Rxg6+ Kh3 57. Rg5 e4 58. Rxh5 Kg2 59.
g4 Ra2+ 60. Ke3 Ra3+ 61. Kf4 Rf3+ 62. Ke5 Kxf2 63. gxf5 e3 0-1

[Event "Niederbayrische Einzelmeisterschaft"]
[Site "Niederbayern"]
[Date "2010.06.05"]
[Round "6.6"]
[White "Mueller, Michael"]
[Black "Schultes, Christoph"]
[Result "1-0"]
[WhiteElo "2009"]
[BlackElo "1707"]
[PlyCount "110"]
[EventDate "2010.06.??"]
[EventType "swiss"]
[EventRounds "7"]
[EventCountry "GER"]
[SourceDate "2015.11.02"]
[SourceVersionDate "2015.11.02"]
[WhiteTeam "SC Bayerwald/Regen"]
[BlackTeam "SK Landau-Dingolfing"]

1. e4 c5 2. Nf3 Nc6 3. d3 g6 4. g3 Bg7 5. Bg2 d6 6. O-O e6 7. Nbd2 Nge7 8. Re1
O-O 9. c3 Rb8 10. a4 e5 11. Nc4 b6 12. Rb1 h6 13. b4 d5 14. Ne3 d4 15. Nd5 cxb4
16. cxb4 Be6 17. b5 Na5 18. Ba3 Bxd5 19. exd5 f6 20. Nxd4 Nxd5 21. Ne6 Qd7 22.
Nxf8 Bxf8 23. Bxf8 Rxf8 24. Bxd5+ Qxd5 25. Qg4 Kg7 26. Qe4 Rd8 27. Qxd5 Rxd5
28. Rbc1 Rd7 29. Rc3 Nb7 30. Rec1 Nc5 31. a5 Kf8 32. Kf1 Ke7 33. Ke2 g5 34. Ke3
g4 35. Rxc5 bxc5 36. Rxc5 Rb7 37. Ke4 h5 38. Kd5 Kd7 39. d4 exd4 40. Kxd4 Ke6
41. Rxh5 Rd7+ 42. Kc5 Rc7+ 43. Kb4 f5 44. h3 gxh3 45. Rxh3 Rc2 46. Rh7 Rb2+ 47.
Kc4 Rc2+ 48. Kb3 Rxf2 49. Rxa7 Rf3+ 50. Kc4 Rxg3 51. b6 Kd6 52. b7 Kc7 53. a6
Rg8 54. Ra8 Rb8 55. Rxb8 Kxb8 1-0

[Event "Niederbayrische Einzelmeisterschaft"]
[Site "Niederbayern"]
[Date "2010.06.05"]
[Round "6.7"]
[White "Staller, Josef"]
[Black "Zankl, Thomas"]
[Result "0-1"]
[WhiteElo "1676"]
[BlackElo "1972"]
[PlyCount "92"]
[EventDate "2010.06.??"]
[EventType "swiss"]
[EventRounds "7"]
[EventCountry "GER"]
[SourceDate "2015.11.02"]
[SourceVersionDate "2015.11.02"]
[WhiteTeam "SC Rottal"]
[BlackTeam "SC Rottal"]

1. Nf3 Nf6 2. Nc3 c5 3. e4 Nc6 4. a3 d6 5. Bb5 Bd7 6. Bxc6 Bxc6 7. d3 Qc7 8.
O-O e5 9. Re1 Be7 10. b4 b6 11. Bg5 a6 12. Ne2 h6 13. Bxf6 Bxf6 14. Ng3 g6 15.
c3 O-O 16. h3 a5 17. bxc5 dxc5 18. Nh2 Rfd8 19. Qf3 Bg7 20. Rad1 Rd6 21. h4
Rad8 22. h5 Ba4 23. Rd2 c4 24. hxg6 fxg6 25. Re3 Qf7 26. Qxf7+ Kxf7 27. d4 exd4
28. cxd4 Rxd4 29. Rxd4 Rxd4 30. Nf3 Rd1+ 31. Kh2 c3 32. e5 c2 33. Ne2 Bb5 34.
Rc3 Bxe2 35. Rxc2 Bxf3 36. gxf3 Bxe5+ 37. Kg2 Bd6 38. Rc6 Bc5 39. Rc7+ Ke6 40.
Rc8 Rd2 41. Kg3 Kf5 42. Rh8 h5 43. Rh7 Bxf2+ 44. Kh3 Bc5 45. a4 Bd6 46. Rf7+
Ke6 0-1

[Event "Niederbayrische Einzelmeisterschaft"]
[Site "Niederbayern"]
[Date "2010.06.05"]
[Round "6.8"]
[White "Grum, Theodor"]
[Black "Kleibel, Uwe"]
[Result "0-1"]
[WhiteElo "1773"]
[BlackElo "1880"]
[PlyCount "52"]
[EventDate "2010.06.??"]
[EventType "swiss"]
[EventRounds "7"]
[EventCountry "GER"]
[SourceDate "2015.11.02"]
[SourceVersionDate "2015.11.02"]
[WhiteTeam "SC Grafenau"]
[BlackTeam "SC Ortenburg 1894"]

1. e4 e6 2. d3 d5 3. Nd2 Nf6 4. Ngf3 Bc5 5. e5 Nfd7 6. c4 O-O 7. d4 Be7 8. cxd5
exd5 9. Bd3 f6 10. Qc2 h6 11. e6 Nb6 12. Nh4 f5 13. Nxf5 Bxe6 14. Nf3 Bxf5 15.
Bxf5 Bb4+ 16. Kf1 Qf6 17. Bh7+ Kh8 18. Ne5 Nc6 19. Be3 Nxe5 20. dxe5 Qxe5 21.
Qd3 Rae8 22. a3 Ba5 23. Kg1 Nc4 24. Bg6 Re6 25. Rb1 Nxe3 26. fxe3 Bb6 0-1

[Event "Niederbayrische Einzelmeisterschaft"]
[Site "Niederbayern"]
[Date "2010.06.05"]
[Round "6.9"]
[White "Stroeher, Wolfgang"]
[Black "Popp, Michael"]
[Result "1-0"]
[WhiteElo "2003"]
[BlackElo "1989"]
[PlyCount "75"]
[EventDate "2010.06.??"]
[EventType "swiss"]
[EventRounds "7"]
[EventCountry "GER"]
[SourceDate "2015.11.02"]
[SourceVersionDate "2015.11.02"]
[WhiteTeam "SC Straubing"]
[BlackTeam "TV 1862 Geiselhöring"]

1. e4 e6 2. c4 c5 3. Nc3 Nc6 4. f4 g6 5. Nf3 Bg7 6. g3 Nge7 7. Bg2 d6 8. O-O
O-O 9. d3 a6 10. a4 Rb8 11. h3 Nd4 12. Nxd4 Bxd4+ 13. Kh2 Bg7 14. Be3 Qc7 15.
Qd2 b6 16. Rad1 Nc6 17. f5 exf5 18. Bh6 Ne7 19. Bxg7 Kxg7 20. Rf4 h6 21. Rdf1
Be6 22. b3 Rbd8 23. d4 fxe4 24. d5 Bd7 25. Bxe4 f5 26. Bd3 Rf6 27. Ne4 Rf7 28.
Qb2+ Kf8 29. h4 Be8 30. Nf6 h5 31. Re1 Ng8 32. Re6 Nxf6 33. Rxf6 Rxf6 34. Qxf6+
Bf7 35. Bxf5 gxf5 36. Rxf5 Kg8 37. Rg5+ Kf8 38. Rxh5 1-0

[Event "Niederbayrische Einzelmeisterschaft"]
[Site "Niederbayern"]
[Date "2010.06.05"]
[Round "6.10"]
[White "Lichtmannecker, Hans-Juergen"]
[Black "Schubert, Josef"]
[Result "0-1"]
[WhiteElo "1666"]
[BlackElo "1922"]
[PlyCount "50"]
[EventDate "2010.06.??"]
[EventType "swiss"]
[EventRounds "7"]
[EventCountry "GER"]
[SourceDate "2015.11.02"]
[SourceVersionDate "2015.11.02"]
[WhiteTeam "SV Aham"]
[BlackTeam "SK Landshut"]

1. d4 b5 2. e4 Bb7 3. Nd2 a6 4. c4 bxc4 5. d5 e6 6. dxe6 fxe6 7. Bxc4 Nf6 8. f3
Bc5 9. Qb3 Bb6 10. Nf1 Nc6 11. Bg5 Ba5+ 12. Bd2 Rb8 13. Qa4 Bb6 14. Rc1 O-O 15.
Bc3 Qe7 16. Qc2 Kh8 17. Qe2 Nd4 18. Qd3 Nb5 19. Bxb5 axb5 20. Bd2 d5 21. e5 Nd7
22. f4 Nc5 23. Qa3 Ra8 24. Qh3 Rxa2 25. b4 Ne4 0-1

[Event "Niederbayrische Einzelmeisterschaft"]
[Site "Niederbayern"]
[Date "2010.06.05"]
[Round "6.11"]
[White "Gerl, Hans-Peter"]
[Black "Haider, Andreas"]
[Result "1/2-1/2"]
[WhiteElo "1707"]
[BlackElo "1563"]
[PlyCount "28"]
[EventDate "2010.06.??"]
[EventType "swiss"]
[EventRounds "7"]
[EventCountry "GER"]
[SourceDate "2015.11.02"]
[SourceVersionDate "2015.11.02"]
[WhiteTeam "SC Straubing"]
[BlackTeam "SV Aham"]

1. e4 g6 2. d4 Bg7 3. e5 e6 4. Bd3 Ne7 5. Nf3 d6 6. Bf4 Nd5 7. Qd2 Nc6 8. Bb5
a6 9. Ba4 b5 10. Bb3 Nxf4 11. Qxf4 Na5 12. Nbd2 O-O 13. O-O d5 14. c3 Qe7
1/2-1/2

[Event "Niederbayrische Einzelmeisterschaft"]
[Site "Niederbayern"]
[Date "2010.06.05"]
[Round "6.12"]
[White "Ertl, Helmut"]
[Black "Haimerl, Willibald"]
[Result "1/2-1/2"]
[WhiteElo "1627"]
[BlackElo "1640"]
[PlyCount "70"]
[EventDate "2010.06.??"]
[EventType "swiss"]
[EventRounds "7"]
[EventCountry "GER"]
[SourceDate "2015.11.02"]
[SourceVersionDate "2015.11.02"]
[WhiteTeam "SV Deggendorf"]
[BlackTeam "SV Deggendorf"]

1. e4 c5 2. Nf3 Nc6 3. d4 cxd4 4. Nxd4 Nf6 5. Nc3 e5 6. Nb3 Bb4 7. Bd3 d5 8.
Bd2 Bxc3 9. Bxc3 dxe4 10. Bb5 Qxd1+ 11. Rxd1 Nd7 12. O-O f6 13. Rfe1 O-O 14.
Rxe4 a6 15. Bxc6 bxc6 16. Rc4 Nb8 17. Na5 Be6 18. Rb4 Bd5 19. Rb7 Rf7 20. b3
Rxb7 21. Nxb7 Nd7 22. Be1 Kf7 23. c4 Be6 24. Ba5 Ke7 25. Rd6 Rb8 26. Rxd7+ Bxd7
27. Nc5 Bf5 28. a3 Bc8 29. f3 f5 30. Bc3 Kd6 31. b4 Be6 32. Nd3 Bxc4 33. Bxe5+
Ke6 34. Bxb8 Bxd3 35. Kf2 Bc4 1/2-1/2

[Event "Niederbayrische Einzelmeisterschaft"]
[Site "Niederbayern"]
[Date "2010.06.05"]
[Round "6.13"]
[White "Oberberger, Hans"]
[Black "Lenhard, Alexander"]
[Result "1/2-1/2"]
[WhiteElo "1636"]
[BlackElo "1240"]
[PlyCount "88"]
[EventDate "2010.06.??"]
[EventType "swiss"]
[EventRounds "7"]
[EventCountry "GER"]
[SourceDate "2015.11.02"]
[SourceVersionDate "2015.11.02"]
[WhiteTeam "SV Deggendorf"]
[BlackTeam "ESK Plattling"]

1. d4 f5 2. Bf4 Nf6 3. e3 d6 4. Nd2 e6 5. h3 Be7 6. Ngf3 O-O 7. c3 Nc6 8. Qc2
a6 9. Be2 b5 10. O-O Bb7 11. Rfd1 Qd7 12. Rac1 Nd8 13. c4 c6 14. b3 Nf7 15. Ng5
Nxg5 16. Bxg5 Rac8 17. Bf3 h6 18. Bxf6 Bxf6 19. e4 Bxd4 20. exf5 Rxf5 21. Ne4
Be5 22. Nc5 Bh2+ 23. Kxh2 Rxc5 24. Qd3 Rd8 25. Re1 bxc4 26. bxc4 Rf5 27. Bg4
Rf6 28. Re2 Qe7 29. Rce1 e5 30. Rb2 g6 31. Reb1 Rb8 32. Bf3 Qc7 33. Kg1 Kg7 34.
Rb6 d5 35. cxd5 cxd5 36. Rxf6 Kxf6 37. Qb3 e4 38. Be2 Qa5 39. Qb6+ Qxb6 40.
Rxb6+ Ke5 41. Kf1 d4 42. Ke1 d3 43. Bd1 Kd4 44. Kd2 Kc5 1/2-1/2

[Event "Niederbayrische Einzelmeisterschaft"]
[Site "Niederbayern"]
[Date "2010.06.05"]
[Round "6.14"]
[White "Woestmann, Oliver"]
[Black "Westenthanner, Paul"]
[Result "1-0"]
[WhiteElo "1386"]
[BlackElo "1549"]
[PlyCount "33"]
[EventDate "2010.06.??"]
[EventType "swiss"]
[EventRounds "7"]
[EventCountry "GER"]
[SourceDate "2015.11.02"]
[SourceVersionDate "2015.11.02"]
[WhiteTeam "SV Aham"]
[BlackTeam "SK Landshut"]

1. c4 e6 2. Nc3 Nf6 3. g3 d5 4. cxd5 Nxd5 5. Bg2 c6 6. Nf3 Nd7 7. O-O N7f6 8.
Re1 Bd6 9. e4 Nxc3 10. bxc3 Bc7 11. Ba3 b6 12. d4 Bb7 13. c4 Ng8 14. d5 Bd6 15.
dxc6 Bxa3 16. cxb7 Rb8 17. Qa4+ 1-0

[Event "Niederbayrische Einzelmeisterschaft"]
[Site "Niederbayern"]
[Date "2010.06.05"]
[Round "6.15"]
[White "Grigore-Nikolitsch, Corneliu"]
[Black "Angermeier, Gerhard"]
[Result "0-1"]
[WhiteElo "1633"]
[BlackElo "1668"]
[PlyCount "94"]
[EventDate "2010.06.??"]
[EventType "swiss"]
[EventRounds "7"]
[EventCountry "GER"]
[SourceDate "2015.11.02"]
[SourceVersionDate "2015.11.02"]
[WhiteTeam "SC Rottal"]
[BlackTeam "SC Rottal"]

1. c4 c5 2. Nc3 Nc6 3. e3 Nf6 4. d4 cxd4 5. exd4 d5 6. c5 g6 7. h3 Bg7 8. Nf3
O-O 9. Be3 Re8 10. Bb5 Bd7 11. Bxc6 Bxc6 12. Ne5 Nd7 13. f4 f6 14. Nxc6 bxc6
15. Qa4 Qc7 16. O-O e5 17. fxe5 fxe5 18. Rae1 Rf8 19. Qd1 Rae8 20. b4 a6 21. a4
Rb8 22. b5 axb5 23. axb5 Nxc5 24. Rxf8+ Rxf8 25. Nxd5 cxd5 26. dxc5 d4 27. Qb3+
Kh8 28. Bd2 Rb8 29. Rc1 e4 30. b6 Qc6 31. Bf4 Rb7 32. Qa3 h6 33. Rb1 g5 34. Bd6
d3 35. Qb3 d2 36. Kf1 e3 37. Qe6 Rxb6 38. cxb6 Qb5+ 39. Kg1 Qxb1+ 40. Kh2 d1=Q
41. Be5 Qg1+ 42. Kg3 Qbe1+ 43. Kg4 Qxg2+ 44. Kh5 Qd1+ 45. Kg6 Qe4+ 46. Kf7 Qb7+
47. Bc7 Qdd5 0-1

[Event "Niederbayrische Einzelmeisterschaft"]
[Site "Niederbayern"]
[Date "2010.06.05"]
[Round "6.16"]
[White "Reich, Christian"]
[Black "Thurnbauer, Alois"]
[Result "1/2-1/2"]
[WhiteElo "1564"]
[BlackElo "1534"]
[PlyCount "93"]
[EventDate "2010.06.??"]
[EventType "swiss"]
[EventRounds "7"]
[EventCountry "GER"]
[SourceDate "2015.11.02"]
[SourceVersionDate "2015.11.02"]
[WhiteTeam "SC Straubing"]
[BlackTeam "SV Deggendorf"]

1. e4 c5 2. Nf3 Nc6 3. c4 e6 4. Nc3 a6 5. Be2 Qc7 6. O-O Nf6 7. a3 Be7 8. d4
cxd4 9. Nxd4 Nxd4 10. Qxd4 Bc5 11. Qd3 O-O 12. b4 Be7 13. f4 d6 14. Be3 b6 15.
Rac1 Bb7 16. b5 d5 17. e5 Ne4 18. Nxe4 dxe4 19. Qb3 Bc5 20. a4 axb5 21. cxb5
Bd5 22. Qc3 Rxa4 23. Bxc5 bxc5 24. Qxc5 Qxc5+ 25. Rxc5 Rb4 26. g3 g6 27. Rfc1
Rb8 28. Rc8+ Rxc8 29. Rxc8+ Kg7 30. Rc2 e3 31. Rc1 Rb2 32. Re1 f6 33. Bf1 Rb3
34. b6 fxe5 35. fxe5 Rxb6 36. Rxe3 Rb1 37. Kf2 Rb2+ 38. Re2 Rxe2+ 39. Bxe2 g5
40. Ke3 h6 41. Bh5 Kf8 42. Kd4 Ke7 43. Kc5 Bg2 44. Be2 Bh3 45. Bf3 Bf5 46. h4
gxh4 47. gxh4 1/2-1/2

[Event "Niederbayrische Einzelmeisterschaft"]
[Site "Niederbayern"]
[Date "2010.06.05"]
[Round "6.17"]
[White "Seidl, Josef"]
[Black "Schubert, Heinz"]
[Result "1/2-1/2"]
[WhiteElo "1315"]
[BlackElo "1505"]
[PlyCount "104"]
[EventDate "2010.06.??"]
[EventType "swiss"]
[EventRounds "7"]
[EventCountry "GER"]
[SourceDate "2015.11.02"]
[SourceVersionDate "2015.11.02"]
[WhiteTeam "TSV Kreuzberg"]
[BlackTeam "TV 1862 Geiselhöring"]

1. c4 Nf6 2. b3 e6 3. Bb2 d5 4. e3 b6 5. Nf3 Bb7 6. d4 Bb4+ 7. Bc3 Qe7 8. a3
Bxc3+ 9. Nxc3 O-O 10. Be2 dxc4 11. Bxc4 Ne4 12. Nxe4 Bxe4 13. O-O Nd7 14. Nd2
Bb7 15. Re1 Rfd8 16. b4 a5 17. Qb3 Ne5 18. Be2 Ng6 19. Bf3 Bxf3 20. Nxf3 Ra7
21. b5 Kh8 22. Rec1 h6 23. h3 Qd6 24. h4 Kg8 25. h5 Ne7 26. e4 Qf4 27. Re1 Qg4
28. d5 Qxh5 29. dxe6 f6 30. Rad1 Rxd1 31. Rxd1 Kh7 32. Rd7 Qe8 33. Qd3 Ng6 34.
Qd5 Nf4 35. Qc6 Qxe6 36. Nd4 Qxc6 37. bxc6 Ng6 38. Ne6 Ne5 39. Rxg7+ Kh8 40.
Rxc7 Rxc7 41. Nxc7 Nxc6 42. Nd5 b5 43. Nxf6 b4 44. axb4 Nxb4 45. e5 Kg7 46. Ne4
a4 47. f4 a3 48. Nc3 a2 49. Nxa2 Nxa2 50. g4 Nc3 51. Kf2 Kg6 52. Kf3 h5 1/2-1/2

[Event "Niederbayrische Einzelmeisterschaft"]
[Site "Niederbayern"]
[Date "2010.06.06"]
[Round "7.1"]
[White "Heiduczek, Josef"]
[Black "Wisnet, Dominic"]
[Result "1-0"]
[WhiteElo "2168"]
[BlackElo "2167"]
[PlyCount "53"]
[EventDate "2010.06.??"]
[EventType "swiss"]
[EventRounds "7"]
[EventCountry "GER"]
[SourceDate "2015.11.02"]
[SourceVersionDate "2015.11.02"]
[WhiteTeam "SC Rottal"]
[BlackTeam "SC Rottal"]

1. e4 c5 2. Nf3 d6 3. d4 cxd4 4. Nxd4 Nf6 5. Nc3 g6 6. Be3 Bg7 7. f3 Nc6 8. Qd2
O-O 9. O-O-O Bd7 10. g4 Qa5 11. Kb1 Rfc8 12. Nb3 Qc7 13. g5 Ne8 14. Nd5 Qd8 15.
h4 Nc7 16. h5 Nxd5 17. exd5 Ne5 18. hxg6 hxg6 19. Qh2 Qc7 20. Bd4 Bf5 21. Bd3
Bxd3 22. cxd3 f6 23. f4 Nf3 24. Qh3 Nxd4 25. Nxd4 f5 26. Qh7+ Kf7 27. Rh6 1-0